000 01563nam a2200337 c 4500
003 BLK
005 20190420093313.0
008 180412b bul|||||r ||||||| ||bul||
010 _aKNG00012468000
020 _a954-427-238-0
_bиздат.: Абагар
040 _aBLK
041 _aBUL
_cBUL
080 _aБългарски език
_b811.163.2
_x-3(075.8)
_z811.163.2-3(075.8)
100 1 _aРусинов, Русин Цветков
_eпърви автор
_9364259
700 1 _aГеоргиев, Станьо Пенчев
_eсъавт.
_9255996
139 _aРусинов, Русин Цветков и др.
_bР 95
245 1 0 _aЛексикология на българския книжовен език
_bУчебник за студенти
_cРусин Цветков Русинов; съавт. Станьо Пенчев Георгиев.
250 _a3. изд.
257 _aBGR
260 В. Търново
_bАбагар
_c1996
300 _a319 с.
_c21 см
380 _a80
500 _aДеп. списък: 17. - 1. изд. 1979 със загл. Учебник по лексикология на българския език и авт. Ст. Георгиев, Р. Русинов на изд. Наука и изкуство. - 1 500 тир.
650 4 _aБългарски език - лексикология - учебници за ВУЗ
_9255997
653 _aлексикология
852 _aЦб 188949
856 4 _qpdf
_u
856 4 _qpdf
_u
942 _cKNG
_n0
_03
944 _aCR
_c15.01.2003
_kКети_Илиева
944 _aED
_c12.01.2013
_k
999 _c10952
_d10952